World's Longest Borders Quiz Stats

 Plays Quiz Updated Nov 16, 2017

Score 0/30 Timer 10:00
1 Play Today
Rank Bordering Nations % Correct
1United States and Canada
98.1%
10United States and Mexico
91%
5China and Russia
89.4%
3Argentina and Chile
75.1%
4China and Mongolia
74.2%
7Russia and Mongolia
71.7%
9India and Pakistan
63.8%
27Russia and Ukraine
62.8%
2Russia and Kazakhstan
61.1%
11China and India
57.6%
12Brazil and Peru
41.6%
13Afghanistan and Pakistan
40.6%
8Brazil and Bolivia
37.3%
28Algeria and Morocco
31.4%
6India and Bangladesh
31.3%
Rank Bordering Nations % Correct
24Brazil and Venezuela
30.2%
23Sudan and South Sudan
28.3%
22Vietnam and Laos
27.5%
17Thailand and Myanmar (Burma)
24.9%
18Venezuela and Colombia
23.3%
20Kazakhstan and Uzbekistan
23.1%
29Indonesia and Malaysia
19.3%
21Mali and Mauritania
17.3%
30Thailand and Laos
16.9%
26South Africa and Botswana
16.3%
14Democratic Republic of the Congo and Angola
16%
25China and Myanmar (Burma)
14%
16Argentina and Paraguay
12.6%
19Democratic Republic of the Congo and Zambia
8.8%
15Republic of the Congo and Gabon
2.8%

You're not logged in!

Compare scores with friends on all Sporcle quizzes.
OR
Log In

Sporcle TV

Today on Sporcle TV


Watch our educational content, quiz creation guides, and fun videos on Sporcle TV.

Show Comments

Extras

Top Quizzes Today


Score Distribution

Your Account Isn't Verified!

In order to create a playlist on Sporcle, you need to verify the email address you used during registration. Go to your Sporcle Settings to finish the process.

Report this User

Report this user for behavior that violates our Community Guidelines.

Details: